[Event "ESP-ch U12 rapid"]
[Site "Salobrena"]
[Date "2023.07.16"]
[Round "7"]
[White "Mulet Polo, Pau"]
[Black "Nunez De Arenas Navarro, Agnes"]
[Result "1-0"]
[WhiteElo "1557"]
[BlackElo "1188"]
[PlyCount "37"]
[EventDate "2023.07.15"]
[EventType "swiss (rapid)"]
[EventRounds "9"]
[EventCountry "ESP"]
[SourceTitle "EXT 2024"]
[Source "ChessBase"]
[SourceDate "2023.10.10"]
[SourceVersion "1"]
[SourceVersionDate "2023.10.10"]
[SourceQuality "1"]

1. d4 d5 2. Bf4 Nf6 3. Nf3 c5 4. e3 Nc6 5. Nbd2 Qb6 6. dxc5 Qxb2 7. Rb1 Qc3 8. Bb5 Qxc5 9. 0-0 a6 10. Bxc6+ Qxc6 11. Ne5 Qc3 12. Rb3 Qa5 13. c4 Ne4 14. Nxe4 dxe4 15. Rxb7 Qxe5 16. Bxe5 Bxb7 17. Qa4+ Kd8 18. Rd1+ Kc8 19. Qd7# 1-0

[Event "ESP-ch U12 rapid"]
[Site "Salobrena"]
[Date "2023.07.16"]
[Round "9"]
[White "Nunez De Arenas Navarro, Agnes"]
[Black "Espinosa Pineda, Manuel"]
[Result "0-1"]
[WhiteElo "1188"]
[BlackElo "1330"]
[PlyCount "71"]
[EventDate "2023.07.15"]
[EventType "swiss (rapid)"]
[EventRounds "9"]
[EventCountry "ESP"]
[SourceTitle "EXT 2024"]
[Source "ChessBase"]
[SourceDate "2023.10.10"]
[SourceVersion "1"]
[SourceVersionDate "2023.10.10"]
[SourceQuality "1"]

1. e4 c5 2. Nf3 g6 3. c3 Bg7 4. d4 cxd4 5. cxd4 Qb6 6. Nc3 Nc6 7. d5 Ne5 8. Be2 d6 9. 0-0 Nf6 10. Nxe5 dxe5 11. Rb1 0-0 12. Be3 Qd8 13. h3 b6 14. Qd2 Bb7 15. Bh6 Qd7 16. Qg5 Qd6 17. h4 Rac8 18. h5 Rfd8 19. hxg6 hxg6 20. Kh2 Qb4 21. f3 Nh5 22. Rh1 Nf4 23. Bxg7 Kxg7 24. Kg1 Nxe2+ 25. Nxe2 Qc5+ 26. Kf1 Rh8 27. Rxh8 Rxh8 28. Qxe5+ f6 29. Ng3 Ba6+ 30. Ke1 Qe3+ 31. Kd1 Be2+ 32. Kc2 Bd3+ 33. Kb3 Bxb1+ 34. Ka4 Bc2+ 35. b3 Qc5 36. a3 0-1

[Event "ESP-ch U12 rapid"]
[Site "Salobrena"]
[Date "2023.07.16"]
[Round "6"]
[White "Nunez De Arenas Navarro, Agnes"]
[Black "Ibanez Cruces, Diego"]
[Result "0-1"]
[WhiteElo "1188"]
[BlackElo "1798"]
[PlyCount "84"]
[EventDate "2023.07.15"]
[EventType "swiss (rapid)"]
[EventRounds "9"]
[EventCountry "ESP"]
[SourceTitle "EXT 2024"]
[Source "ChessBase"]
[SourceDate "2023.10.10"]
[SourceVersion "1"]
[SourceVersionDate "2023.10.10"]
[SourceQuality "1"]

1. e4 c5 2. Nf3 d6 3. c3 Nf6 4. Be2 Nc6 5. d4 cxd4 6. cxd4 g6 7. Nc3 Bg7 8. 0-0 0-0 9. h3 a6 10. Be3 b5 11. a3 Bb7 12. Qd2 Rc8 13. Bh6 Na5 14. Qg5 Nxe4 15. Nxe4 Bxe4 16. Qh4 Bxf3 17. Bxf3 e6 18. Bg5 Qb6 19. Rfd1 Nb3 20. Rab1 Nxd4 21. Be4 d5 22. Bd3 Nc6 23. Bf6 Ne5 24. Bxg7 Kxg7 25. Bf1 Nc4 26. Qg4 Qd8 27. h4 Qf6 28. Rd3 Ne5 29. Qg3 Nxd3 30. Bxd3 h5 31. Re1 Rc6 32. Re5 Rh8 33. Rg5 Rc1+ 34. Kh2 Rd1 35. Bc2 Rd2 36. Bd3 Rxf2 37. b4 Qf4 38. Qxf4 Rxf4 39. Kg3 Rd4 40. Be2 f6 41. Bxh5 fxg5 42. Bf3 gxh4+ 0-1